| 000 | 01036nam a22002295i 4500 | ||
|---|---|---|---|
| 001 | 161945 | ||
| 003 | ES-MaACL | ||
| 005 | 20250721134712.0 | ||
| 008 | 990907s1883 ne |||| | fre d | ||
| 080 | _a326.8(729) | ||
| 100 | 1 |
_aPerojo, José del _d1850-1908 _991313 |
|
| 245 | 1 | 3 |
_aLa colonisation espagnole : _b(confèrence du 10 Septembre 1883) / _cpar José del Perojo. |
| 260 |
_aAmsterdam : _bSchröder Frères, _c1883. |
||
| 300 |
_a35 p. ; _c26 cm. |
||
| 530 | _aDisponible en formato digital. | ||
| 594 | _aPrecede al tít.: Exposition International d'Amsterdam. Vème. Section. Conférences et Congrès Scientifiques. | ||
| 651 | 4 |
_aEspaña- _xColonias- _yS.XIX _98176 |
|
| 852 |
_aES-MaACL _jT-541-F-9 _z- Enc. hol., conservando cub. original _z- Enc. en un vol. facticio |
||
| 852 |
_aES-MaACL _jT-388-F-4 _z- Enc. hol., falto de cub. original _z- Enc. en un vol. facticio |
||
| 856 |
_uhttp://bdh-rd.bne.es/viewer.vm?id=0000144428&page=1 _zBiblioteca Digital Hispánica |
||
| 999 |
_c161945 _d161945 |
||